000 01237cam a2200361 4500
999 _c24067
_d24067
001 vtls012060837
005 20251113123309.0
008 210706s2021 xo g 000 f slo
020 _a9788022211888
_q(viazané)
040 _aTTKJF
_bslo
_cTTKJF
_dSNK
_erda
041 1 _aslo
_heng
044 _axo
_cSK
072 7 _a821.111-3
_xAnglická próza, anglicky písaná
_2konspekt
080 _a821.111-31
_22011
080 _a(0:82-312.4)
_22011
100 1 _aFoley, Lucy,
_d1986-
_4aut
_95304
240 1 4 _aThe Guest List
_lSlovensky
245 1 0 _aZoznam hostí
_cLucy Foleyová ; z anglického originálu The Guest List ... preložila Barbora Vinczeová
250 _aVydanie I.
264 1 _aBratislava
_bTatran
_c2021
300 _a253 strán
_c24 cm
336 _atext
_btxt
_2rdacontent
337 _abez média
_bn
_2rdamedia
338 _azväzok
_bnc
_2rdacarrier
500 _aObsahuje biografické údaje o autorke na záložke prebalu publikácie
655 7 _aanglické romány
_2SNKPH
_98
655 7 _adetektívne romány
_2SNKPH
_91710
655 7 _aEnglish fiction
_2SNKPHeng
_99
655 7 _aDetective novels
_2SNKPHeng
_91711
700 1 _aVinczeová, Barbora,
_d1992-
_4trl
_93558
958 _aLX
958 _aUP